1885 1210 1038 1066 1291 1964 1557 1996 1157 1616 1474 1563 1202 1198 1276 1692 1045 1122 1813 1253 1829 1823 1062 1525 1142 1214 1157 1890 1111 1668 1584 1548 1262 1714 1859 1179 1183 1074 1819 1466 1741 1578 1457 1258 1555 1957 1286 1768 1174 1623 1448 1722 1803 1878 1395 1583 1023 1034 1628 1050 1218 1321 1511 1052 1571 1719 1476 1651 1236 1900 1873 1769 1644 1378 1095 1454 1434 1819 1865 1631 1545 1454 1791 1299 1634 1659 1682 1402 1229 1597 1208 1640 1827 1588 1328 1127 1569 1895 1687 BCNSPRNW ULIB Ver.6.0+V

เปลี่ยนเป็นภาษาไทย

Change to English
 แสดงรายละเอียดบรรณานุกรม
  กลับหน้าหลัก

Brief Record : Get Marc (ISO 2709) : E-mail record : QR code < ปิดหน้าต่าง
LEADER : 00000nam 2200000uu 4500
001    13399127791
003     ULIB
008    210914s2562||||th 000 0 tha d
020    ^a9789740326519
050  4 ^aHA62^bย351ห
100 0  ^aยุทธ ไกยวรรณ์
245 10 ^aหลักสถิติวิจัยและการใช้โปรแกรม spss/^cยุทธ ไกยวรรณ์
250    ^aพิมพ์ครั้งที่ 6
260    ^aกรุงเทพฯ :^bสำนักพิมพ์แห่งจุฬาลงกรณ์มหาวิทยาลัย,^c2562
300    ^a563 หน้า :^bภาพประกอบ
650  4 ^aวิจัย
650  4 ^aวิจัย^xระเบียบวิธีทางสถิติ
650  4 ^aวิจัย^xสถิติ
650  4 ^aสถิติ
650  4 ^aสถิติวิเคราะห์
650  4 ^aสถิติศาสตร์
650  4 ^aสังคมศาสตร์^xระเบียบวิธีทางสถิติ
650  4 ^aเอสพีเอสเอส (โปรแกรมคอมพิวเตอร์)
945    ^p355^l0^i28907
945    ^p355^l0^i28908
995    ^aกัณชพร
999 ^a ใช้งานได้ทุกระบบ
รายการนี้ยังไม่มีแท็ก
คุณยังไม่ได้ล็อกอิน คุณสามารถมีกิจกรรมร่วมกับเว็บไซต์ได้ แต่ต้องล็อกอินก่อน ::
  ล็อกอิน

รายการสื่อสารสนเทศ

ลำดับที่ ประเภท เลขเรียก/บาร์โค้ด สถานที่ สถานะ
1. หนังสือสำรอง
หนังสือสำรอง
HA62 ย351ห ฉ.1 
  Barcode: 28907
ห้องสมุดวิทยาเขตนครสวรรค์
►หนังสือทั่วไป:l:General Books
บนชั้น
2. วิทยาศาสตร์การแพทย์ และสุขภาพ
วิทยาศาสตร์การแพทย์ และสุขภาพ
HA62 ย351ห ฉ.2 
  Barcode: 28908
ห้องสมุดวิทยาเขตนครสวรรค์
►หนังสือทั่วไป:l:General Books
บนชั้น

รายการใกล้เคียง
    ผู้แต่ง [ยุทธ ไกยวรรณ์]

    หัวเรื่อง [วิจัย]
    หัวเรื่อง [สถิติ]
    หัวเรื่อง [สถิติวิเคราะห์]
    หัวเรื่อง [สถิติศาสตร์]
    หัวเรื่อง [เอสพีเอสเอส (โปรแกรมคอมพิวเตอร์)]

BibComment


ยังไม่เคยถูกคอมเมนท์

คอมเมนท์ทรัพยากรรายการนี้
  คอมเมนท์: หลักสถิติวิจัยแล..


 Copyright 2026. Bcnsprnw @Library